[Event "SRB-chT3 East CS"]
[Site "Kladovo"]
[Date "2016.10.14"]
[Round "8.15"]
[White "Milosevic, Sinisa"]
[Black "Floricelovic, Milos"]
[Result "1/2-1/2"]
[WhiteElo "1993"]
[BlackElo "1953"]
[PlyCount "22"]
[EventDate "2016.09.04"]
[EventType "team-tourn"]
[EventRounds "11"]
[EventCountry "SRB"]
[SourceTitle "EXT 2021"]
[Source "ChessBase"]
[SourceDate "2020.10.23"]
[SourceVersion "1"]
[SourceVersionDate "2020.10.23"]
[SourceQuality "1"]

1. e4 c5 2. Nf3 d6 3. d4 cxd4 4. Nxd4 Nf6 5. Nc3 a6 6. Bg5 e6 7. f4 Qc7 8. Qf3 Nc6 9. 0-0-0 Be7 10. Kb1 Bd7 11. g4 Rc8 1/2-1/2

[Event "SRB-chT3 East"]
[Site "Serbia"]
[Date "2015.10.16"]
[Round "8.53"]
[White "Miljkovic, Jovana"]
[Black "Floricelovic, Milos"]
[Result "1/2-1/2"]
[WhiteElo "2075"]
[BlackElo "1977"]
[PlyCount "74"]
[EventDate "2015.09.06"]
[EventType "team-tourn"]
[EventRounds "11"]
[EventCountry "SRB"]
[SourceTitle "EXT 2022"]
[Source "ChessBase"]
[SourceDate "2021.10.06"]
[SourceVersion "1"]
[SourceVersionDate "2021.10.06"]
[SourceQuality "1"]

1. d4 f5 2. g3 e6 3. Bg2 Nf6 4. c4 d5 5. Nh3 c6 6. 0-0 Bd6 7. Bf4 0-0 8. Nc3 Na6 9. a3 Nc7 10. b4 a6 11. e3 Nce8 12. c5 Bc7 13. a4 Bd7 14. Qd3 Ne4 15. f3 Nxc3 16. Qxc3 Nf6 17. Bxc7 Qxc7 18. Nf4 Rae8 19. Nd3 Re7 20. Rfb1 Be8 21. Ne5 Nd7 22. Nxd7 Bxd7 23. Bf1 e5 24. Re1 Rfe8 25. f4 exd4 26. exd4 Qd8 27. Kf2 Rxe1 28. Rxe1 Rxe1 29. Qxe1 Qe8 30. Qxe8+ Bxe8 31. Be2 Kf7 32. Ke3 Ke6 33. Kd3 h6 34. Ke3 Kf6 35. Bf3 Bd7 36. Be2 Ke7 37. Kd3 Kf6 1/2-1/2

[Event "SRB-chT2 East"]
[Site "Leskovac"]
[Date "2014.09.26"]
[Round "2.6"]
[White "Marjanovic, Toplica"]
[Black "Floricelovic, Milos"]
[Result "0-1"]
[WhiteElo "1778"]
[BlackElo "2064"]
[PlyCount "37"]
[EventDate "2014.09.25"]
[EventType "team-swiss"]
[EventRounds "6"]
[EventCountry "SRB"]
[SourceTitle "EXT 2015"]
[Source "ChessBase"]
[SourceDate "2014.11.20"]
[SourceVersion "1"]
[SourceVersionDate "2014.11.20"]
[SourceQuality "1"]

1. d4 d5 2. f4 f5 3. e3 Nf6 4. Nf3 e6 5. Be2 c6 6. a4 Bd6 7. 0-0 Nbd7 8. b3 Qe7 9. c4 0-0 10. c5 Bc7 11. g3 Ne4 12. Qe1 Ndf6 13. Nc3 Bd7 14. Nxe4 Nxe4 15. Bd2 Bc8 16. Ne5 Bxe5 17. fxe5 Qg5 18. Rf4 h5 19. Qd1 0-1

[Event "SRB-CupT Central Serbia"]
[Site "Serbia"]
[Date "2014.05.03"]
[Round "7.10"]
[White "Cicvaric, Dragos"]
[Black "Floricelovic, Milos"]
[Result "0-1"]
[WhiteElo "2153"]
[BlackElo "2041"]
[PlyCount "42"]
[EventDate "2014.03.23"]
[EventType "team"]
[EventRounds "8"]
[EventCountry "SRB"]
[SourceTitle "EXT 2015"]
[Source "ChessBase"]
[SourceDate "2014.11.20"]
[SourceVersion "1"]
[SourceVersionDate "2014.11.20"]
[SourceQuality "1"]

1. d4 d5 2. Nf3 e6 3. e3 f5 4. c4 Nf6 5. Nc3 c6 6. Bd3 Bd6 7. 0-0 0-0 8. c5 Bc7 9. a3 b6 10. b4 a5 11. Rb1 Nbd7 12. Ng5 Bxh2+ 13. Kh1 Ng4 14. f4 axb4 15. axb4 bxc5 16. bxc5 h6 17. Nh3 Qh4 18. Qf3 Ndf6 19. Bd2 Ra3 20. Qe2 Bxf4 21. exf4 Qg3 0-1

[Event "SRB-chT2 East CS"]
[Site "Serbia"]
[Date "2011.10.14"]
[Round "8.45"]
[White "Floricelovic, Milos"]
[Black "Nikolic, Boban"]
[Result "0-1"]
[WhiteElo "2067"]
[BlackElo "2215"]
[PlyCount "74"]
[EventDate "2011.09.11"]
[EventType "team"]
[EventRounds "11"]
[EventCountry "SRB"]
[SourceTitle "EXT 2015"]
[Source "ChessBase"]
[SourceDate "2014.11.20"]
[SourceVersion "1"]
[SourceVersionDate "2014.11.20"]
[SourceQuality "1"]

1. e4 d6 2. d4 Nf6 3. Nc3 g6 4. f3 c6 5. Be3 Qb6 6. Qc1 Bg7 7. Bd3 0-0 8. Nge2 Nbd7 9. 0-0 Re8 10. e5 Nd5 11. Nxd5 cxd5 12. f4 f6 13. f5 gxf5 14. Bxf5 Nf8 15. Bd3 Bg4 16. c3 dxe5 17. dxe5 Qd8 18. exf6 Bxf6 19. Nd4 e5 20. Nf5 Kh8 21. Nh6 Be6 22. Bf5 Qe7 23. Qd2 Rad8 24. Bxe6 Nxe6 25. Rf5 d4 26. Raf1 dxe3 27. Qxe3 Nf4 28. g3 Qg7 29. R5xf4 exf4 30. Qxf4 Rf8 31. Nf5 Qg5 32. Qc4 Qd2 33. Rf2 Qd1+ 34. Rf1 Qd5 35. Qb4 a5 36. Qb6 Rde8 37. Ne3 Qc6 0-1

[Event "SRB-chT2 East CS"]
[Site "Serbia"]
[Date "2011.09.11"]
[Round "1.3"]
[White "Mijovic, Cedomir"]
[Black "Floricelovic, Milos"]
[Result "1/2-1/2"]
[WhiteElo "1961"]
[BlackElo "2067"]
[PlyCount "64"]
[EventDate "2011.09.11"]
[EventType "team"]
[EventRounds "11"]
[EventCountry "SRB"]
[SourceTitle "EXT 2015"]
[Source "ChessBase"]
[SourceDate "2014.11.20"]
[SourceVersion "1"]
[SourceVersionDate "2014.11.20"]
[SourceQuality "1"]

1. d4 d5 2. c4 e6 3. e3 f5 4. Nf3 Nf6 5. Nbd2 c6 6. Bd3 Bd6 7. Qc2 Ne4 8. b3 Na6 9. a3 Nc7 10. Bb2 0-0 11. c5 Be7 12. Ne5 Nxd2 13. Qxd2 Bf6 14. f4 Bxe5 15. dxe5 b6 16. Bd4 Na6 17. b4 Rb8 18. 0-0 Qe7 19. Rfc1 b5 20. h3 Nc7 21. a4 a6 22. Kh2 bxa4 23. Rxa4 Nb5 24. Rg1 h5 25. Qf2 Kf7 26. Be2 Rh8 27. h4 g6 28. Rga1 Rd8 29. Kh3 Rd7 30. Qe1 Ra7 31. R1a2 Kg7 32. g3 Kh6 1/2-1/2

[Event "SRB-chT2 East"]
[Site "Pozarevac"]
[Date "2009.10.10"]
[Round "10.2"]
[White "Floricelovic, Milos"]
[Black "Krstic, Ranko"]
[Result "0-1"]
[WhiteElo "2104"]
[BlackElo "2169"]
[PlyCount "62"]
[EventDate "2009.09.06"]
[EventType "team"]
[EventRounds "11"]
[EventCountry "SRB"]
[SourceTitle "EXT 2012"]
[Source "ChessBase"]
[SourceDate "2011.11.24"]
[SourceVersion "1"]
[SourceVersionDate "2011.11.24"]
[SourceQuality "1"]

1. e4 c5 2. Nf3 Nf6 3. Nc3 Nc6 4. d4 d5 5. e5 Ne4 6. Bb5 Nxc3 7. Bxc6+ bxc6 8. bxc3 e6 9. 0-0 Be7 10. Ba3 cxd4 11. Bxe7 Qxe7 12. cxd4 0-0 13. Nd2 c5 14. c3 Ba6 15. Re1 Bd3 16. Nb3 c4 17. Nc5 Bg6 18. Qa4 Rfb8 19. Re2 a6 20. Qa3 Qa7 21. h3 h6 22. Na4 Rb5 23. Rb2 Rab8 24. Rd1 R8b7 25. Rdd2 Ra5 26. Rb4 Rbb5 27. Rdb2 Kh7 28. Kh2 Qa8 29. f4 Qe8 30. g4 Rxb4 31. f5 Rxb2+ 0-1

[Event "SRB-chT3 East"]
[Site "Kladovo"]
[Date "2008.10.25"]
[Round "9.1"]
[White "Floricelovic, Milos"]
[Black "Zivanovic, Bojan"]
[Result "1-0"]
[WhiteElo "2170"]
[BlackElo "1905"]
[PlyCount "68"]
[EventDate "2008.09.14"]
[EventType "team"]
[EventRounds "11"]
[EventCountry "SRB"]
[SourceTitle "EXT 2012"]
[Source "ChessBase"]
[SourceDate "2011.11.24"]
[SourceVersion "1"]
[SourceVersionDate "2011.11.24"]
[SourceQuality "1"]

1. e4 c6 2. d4 d5 3. Nd2 dxe4 4. Nxe4 Bf5 5. Ng3 Bg6 6. Nf3 Nd7 7. Bc4 e6 8. Qe2 Ngf6 9. 0-0 Qc7 10. Ne5 Bd6 11. Re1 0-0-0 12. f4 Bxe5 13. dxe5 Nd5 14. Bxd5 cxd5 15. c3 Nc5 16. Be3 b6 17. b4 Ne4 18. Nxe4 Bxe4 19. Bd4 Qb7 20. c4 Kd7 21. c5 bxc5 22. Bxc5 a6 23. a4 Ra8 24. Red1 Bg6 25. Rac1 Rhd8 26. Rc3 Rdc8 27. g4 Ke8 28. f5 exf5 29. e6 fxg4 30. Qe5 Rxc5 31. exf7+ Kxf7 32. Rxc5 Kg8 33. Rc7 Qb8 34. Rxd5 Bf7 1-0

[Event "Central Serbia-ch U20"]
[Site "Niska Banja"]
[Date "2007.07.29"]
[Round "9"]
[White "Floricelovic, Milos"]
[Black "Zivkovic, Nemanja"]
[Result "1/2-1/2"]
[WhiteElo "2212"]
[BlackElo "2056"]
[PlyCount "115"]
[EventDate "2007.07.24"]
[EventType "swiss"]
[EventRounds "9"]
[EventCountry "SRB"]
[SourceTitle "EXT 2023"]
[Source "ChessBase"]
[SourceDate "2022.10.05"]
[SourceVersion "1"]
[SourceVersionDate "2022.10.05"]
[SourceQuality "1"]

1. e4 c5 2. Nf3 d6 3. d4 cxd4 4. Nxd4 Nf6 5. Nc3 a6 6. Be3 e6 7. f3 Be7 8. Qd2 Nbd7 9. 0-0-0 b5 10. Nc6 Qc7 11. Nxe7 Kxe7 12. Kb1 Rd8 13. g4 Bb7 14. Bd3 Ne5 15. Qf2 Rd7 16. Rhf1 Kf8 17. g5 Ne8 18. Qh4 Kg8 19. f4 Nxd3 20. cxd3 d5 21. exd5 Bxd5 22. Nxd5 Rxd5 23. Rf3 f6 24. Rh3 g6 25. gxf6 Rad8 26. Bb6 Qf7 27. Bxd8 Rxd8 28. Re3 Nxf6 29. Rde1 Rd6 30. Qh3 Nd5 31. Rxe6 Nxf4 32. Re8+ Kg7 33. Qc8 Rd7 34. Qc3+ Kh6 35. R8e3 Qf5 36. Qd2 g5 37. h4 gxh4 38. Re6+ Kg7 39. Re7+ Rxe7 40. Rxe7+ Kf6 41. Re4 Kg5 42. Qe3 Kg4 43. Qg1+ Kh5 44. Qd1+ Kg5 45. Qf3 h5 46. Kc2 h3 47. Kd2 Qg4 48. Re5+ Kh4 49. Qf2+ Qg3 50. Qd4 Qxd3+ 51. Qxd3 Nxd3 52. Kxd3 h2 53. Re1 Kg3 54. Re3+ Kg2 55. Re2+ Kg1 56. Re1+ Kf2 57. Re2+ Kg1 58. Re1+ 1/2-1/2

[Event "SRB-ch U18"]
[Site "Vrnjacka Banja"]
[Date "2007.04.15"]
[Round "9"]
[White "Floricelovic, Milos"]
[Black "Basaraba, Nikola"]
[Result "1-0"]
[WhiteElo "2212"]
[BlackElo "2171"]
[PlyCount "93"]
[EventDate "2007.04.09"]
[EventType "swiss"]
[EventRounds "9"]
[EventCountry "SRB"]
[SourceTitle "EXT 2023"]
[Source "ChessBase"]
[SourceDate "2022.10.05"]
[SourceVersion "1"]
[SourceVersionDate "2022.10.05"]
[SourceQuality "1"]

1. e4 d6 2. d4 b6 3. Nc3 e6 4. Be3 Bb7 5. f3 g6 6. Qd2 h6 7. Nge2 Bg7 8. 0-0-0 Ne7 9. g4 a6 10. h4 b5 11. Ng3 Nd7 12. a3 c6 13. f4 d5 14. f5 Qb6 15. h5 g5 16. e5 Ng8 17. Bd3 0-0-0 18. Kb1 Bf8 19. Na2 c5 20. c3 c4 21. Bc2 a5 22. Rhf1 Ne7 23. fxe6 fxe6 24. Rf7 Nc6 25. Rdf1 b4 26. cxb4 axb4 27. axb4 Bxb4 28. Nc3 Qa5 29. Nge2 Kc7 30. Kc1 Qa1+ 31. Bb1 Ra8 32. Qc2 Bf8 33. Nxd5+ exd5 34. Qf5 Ne7 35. Qc2 Bc6 36. e6 Nb6 37. Qf5 Ra2 38. Qc2 Ra8 39. Nc3 Rb8 40. Bg1 Na4 41. Bh2+ Kb6 42. Bxb8 Ng6 43. hxg6 Ba3 44. Ba7+ Ka6 45. Nxa4 c3 46. Nc5+ Ka5 47. Nb3+ 1-0

[Event "SRB-ch U18"]
[Site "Vrnjacka Banja"]
[Date "2007.04.11"]
[Round "4"]
[White "Guzsvany, Arpad"]
[Black "Floricelovic, Milos"]
[Result "1-0"]
[WhiteElo "2049"]
[BlackElo "2212"]
[PlyCount "117"]
[EventDate "2007.04.09"]
[EventType "swiss"]
[EventRounds "9"]
[EventCountry "SRB"]
[SourceTitle "EXT 2023"]
[Source "ChessBase"]
[SourceDate "2022.10.05"]
[SourceVersion "1"]
[SourceVersionDate "2022.10.05"]
[SourceQuality "1"]

1. d4 d5 2. c4 c6 3. Nf3 Nf6 4. Nc3 e6 5. e3 Nbd7 6. Bd3 Be7 7. 0-0 0-0 8. b3 b6 9. Bb2 Bb7 10. Qe2 c5 11. cxd5 exd5 12. Ba6 Qc8 13. Bxb7 Qxb7 14. Rfd1 Rad8 15. Rac1 Ne4 16. dxc5 Ndxc5 17. Qc2 f5 18. b4 Ne6 19. Qb3 Nxc3 20. Rxc3 Bf6 21. Rcd3 Bxb2 22. Qxb2 Rd6 23. Qe5 Rfd8 24. Qxf5 Qa6 25. a3 b5 26. h3 Rf8 27. Qe5 Nc7 28. Qc3 Rc6 29. Qb3 Rc4 30. Rd4 Qg6 31. Qd3 Qc6 32. Ne5 Qf6 33. f4 Qe6 34. Nxc4 bxc4 35. Qd2 Qc6 36. Qc2 Qb6 37. Kh2 Ne6 38. Rxd5 Qxe3 39. Qxc4 Rxf4 40. Rd8+ Kf7 41. R8d7+ Kg6 42. Qd3+ Re4 43. Qxe3 Rxe3 44. R1d3 Re2 45. Rxa7 h5 46. Ra6 Kg5 47. Rxe6 Rxe6 48. a4 Re4 49. Rb3 Kf5 50. a5 Ke6 51. b5 Kd7 52. b6 Kc8 53. Ra3 Re8 54. a6 Kb8 55. Rf3 Rc8 56. h4 g6 57. Rf7 Rg8 58. Kg3 Rc8 59. a7+ 1-0